| 000 | 01124nam0a2200301 4500 | ||
|---|---|---|---|
| 001 | RU\NLR\bibl\114406 | ||
| 005 | 20260405103917.0 | ||
| 010 |
_a5-237-04903-6 _915000 |
||
| 021 |
_aRU _b2000-24301 _91152 |
||
| 035 | _a(NLR Aleph) 000112012 | ||
| 090 |
_a635676 _c635676 |
||
| 100 | _a20001024d2000 |||y0rusy50 ca | ||
| 101 | 0 | _arus | |
| 102 | _aRU | ||
| 105 | _aa z ||||| | ||
| 200 | 1 |
_aТри поросенка _e[Сказки _eДля дошк. возраста _fПересказали для детей С. Летова и М. Тарловский _gИл. Тони Вульфа] |
|
| 210 |
_aМ. _aНазрань _cПланета детства и др. _d2000 |
||
| 215 |
_a46,[2] с. _cцв. ил. _d29 |
||
| 225 | 1 | _aЭнциклопедия золотых сказок | |
| 686 | _aШ9(0)60-4 | ||
| 702 | 1 |
_4010 _8rus _7ca _aЛетова _bС. Г. _cписатель _gСветлана Григорьевна _3RU\NLR\auth\7739482 _922466 |
|
| 801 | 0 |
_aRU _bNLR _c20001024 _gPSBO |
|
| 801 | 1 |
_aRU _bNLR _c20001024 |
|
| 852 |
_aNLR _j2000-8/1628 |
||
| 942 | _cBOOK | ||
| 980 | _aNB | ||